Datum a čas kvízu
26.5
Celkem bodů
Celkový počet nahraných bodů na tomto kvízu bez doplňovacích otázek.
9.
Pořadí na kvízu
Konečné umístění týmu na tomto kvízu.
Zaznamenané odpovědi
| # | Otázka | Odpověď | Body | Výsledky |
|---|---|---|---|---|
| 1. | Ekonomka a bývalá rektorka brn... | Danuše Nerudová | 1 | |
| 2. | Velkolepé čtyřdenní oslavy pla... | medvídek (Paddington) | 1 | |
| 3. | V neděli došlo v pařížském Lou... | dort | 1 | |
| 4. | Dvě velké banky se v České rep... | Komerční banka, Moneta | 0 | |
| 5. | Jak se jmenuje nový trenér prv... | Brian Priske | 0 | |
| 6. | V dalším díle této tematické s... | arapaima | 0 | |
| 7. | Merlík čilský je rostlina z če... | quinoa | 1 | |
| 8. | Tento jihoamerický dravý pták... | kondor | 0 | |
| 9. | S podobně vypadajícím zvířetem... | ocelot | 0 | |
| 10. | Tato zelenina pochází z Jižní... | ačokča | 0 |